Basic AC circuits -lesson 13 ; Complex RLC circuit analysis, 27:15 min [ vido cassette] (Record no. 292767)
[ view plain ]
| 000 -LEADER | |
|---|---|
| fixed length control field | 00414 a2200133 4500 |
| 001 - CONTROL NUMBER | |
| control field | 57694 |
| 082 ## - DEWEY DECIMAL CLASSIFICATION NUMBER | |
| Classification number | 80278 |
| 090 ## - LOCALLY ASSIGNED LC-TYPE CALL NUMBER (OCLC); LOCAL CALL NUMBER (RLIN) | |
| -- | 35375 |
| -- | 35375 |
| 245 ## - TITLE STATEMENT | |
| Title | Basic AC circuits -lesson 13 ; Complex RLC circuit analysis, 27:15 min [ vido cassette] |
| 260 ## - PUBLICATION, DISTRIBUTION, ETC. | |
| Place of publication, distribution, etc. | WI |
| Name of publisher, distributor, etc. | Wisconsin Technical college sys fundation |
| 500 ## - GENERAL NOTE | |
| General note | CD/DVD video cassette |
| 505 ## - FORMATTED CONTENTS NOTE | |
| Formatted contents note | Avionics |
| 610 ## - SUBJECT ADDED ENTRY--CORPORATE NAME | |
| Corporate name or jurisdiction name as entry element | Wisconsin Technical college sys fundation |
| 942 ## - ADDED ENTRY ELEMENTS (KOHA) | |
| Institution code [OBSOLETE] | NUST-CAE |
| Call number prefix | 80278 |
| Withdrawn status | Lost status | Damaged status | Not for loan | Collection code | Permanent Location | Current Location | Date acquired | Total Checkouts | Full call number | Barcode | Date last seen | Price effective from | Koha item type |
|---|---|---|---|---|---|---|---|---|---|---|---|---|---|
| College of Aeronautical Engineering (CAE) | College of Aeronautical Engineering (CAE) | 04/03/2017 | 80278 | CAE80278 | 04/05/2017 | 04/05/2017 | Book |
